Module 8 Systems Approaches (Record no. 176249)
[ view plain ]
| 000 -LEADER | |
|---|---|
| fixed length control field | 00581 a2200157 4500 |
| 003 - CONTROL NUMBER IDENTIFIER | |
| control field | Nust |
| 005 - DATE AND TIME OF LATEST TRANSACTION | |
| control field | 20170207152521.0 |
| 020 ## - INTERNATIONAL STANDARD BOOK NUMBER | |
| International Standard Book Number | 0335026303 |
| 040 ## - CATALOGING SOURCE | |
| Transcribing agency | Nust |
| 082 ## - DEWEY DECIMAL CLASSIFICATION NUMBER | |
| Classification number | 003 |
| 245 ## - TITLE STATEMENT | |
| Title | Module 8 Systems Approaches |
| Remainder of title | System Behaviour |
| 260 ## - PUBLICATION, DISTRIBUTION, ETC. | |
| Place of publication, distribution, etc. | walton |
| Name of publisher, distributor, etc. | Open University press |
| Date of publication, distribution, etc. | 1983 |
| 300 ## - PHYSICAL DESCRIPTION | |
| Extent | 83 |
| 505 ## - FORMATTED CONTENTS NOTE | |
| Formatted contents note | Introduction (Page-4), Rationale for the Course (Page-7), Systems Concepts (Page-18), The Method for Systems Description (Page-34), Modeling (Page-51), Systems Approaches to Problem Solving (Page-56), Conclusion (Page-79), |
| 538 ## - SYSTEM DETAILS NOTE | |
| System details note | Almirah No.1 and Shelf No.3 |
| 942 ## - ADDED ENTRY ELEMENTS (KOHA) | |
| Source of classification or shelving scheme | |
| Koha item type | Book |
| Withdrawn status | Lost status | Source of classification or shelving scheme | Damaged status | Not for loan | Collection code | Permanent Location | Current Location | Date acquired | Total Checkouts | Full call number | Barcode | Date last seen | Price effective from | Koha item type |
|---|---|---|---|---|---|---|---|---|---|---|---|---|---|---|
| Military College of Signals (MCS) | Military College of Signals (MCS) | 12/12/2016 | 003 MAY | MCS3374 | 12/08/2016 | 12/12/2016 | Book |
